[Event "Druzynowe Mistrzostwa Polski - II Liga 2023"]
[Site "Jastrzebia Gora"]
[Date "1899-12-30"]
[Round "4.53"]
[White "Lonski, Aleksander"]
[Black "Jedynak, January"]
[Result "1-0"]
[WhiteTitle "I"]
[BlackTitle "I++"]
[WhiteElo "1805"]
[BlackElo "1846"]

1. e4 e5 2. Bc4 Nf6 3. d3 c6 4. Nf3 d5 5. Bb3 Bd6 6. Nc3 dxe4 7. Ng5 O-O 8. Ngxe4
Nxe4 9. Nxe4 Bb4+ 10. c3 Be7 11. O-O Nd7 12. Qh5 1-0

[Event "Druzynowe Mistrzostwa Polski - II Liga 2023"]
[Site "Jastrzebia Gora"]
[Date "1899-12-30"]
[Round "4.54"]
[White "Kopica, Paulina"]
[Black "Krzywnicka, Maria"]
[Result "0-1"]
[WhiteTitle "k"]
[BlackTitle "I++"]
[WhiteElo "1895"]
[BlackElo "1835"]

1. e4 c5 2. Nf3 d6 3. d4 cxd4 4. Nxd4 Nf6 5. Nc3 a6 6. Be3 e5 7. Nb3 Be6 8. f3
Be7 9. Qd2 O-O 10. O-O-O Qc7 11. g4 Rc8 12. g5 Nh5 13. Kb1 Nd7 14. Nd5 Bxd5 15.
exd5 0-1

[Event "Druzynowe Mistrzostwa Polski - II Liga 2023"]
[Site "Jastrzebia Gora"]
[Date "1899-12-30"]
[Round "4.55"]
[White "Stanisz, Patryk"]
[Black "Banasik, Krzysztof"]
[Result "1/2-1/2"]
[WhiteTitle "CM"]
[BlackTitle "k+"]
[WhiteElo "2149"]
[BlackElo "2211"]

1. Nf3 Nf6 2. c4 g6 3. Nc3 Bg7 4. e4 d6 5. d4 O-O 6. Be2 e5 7. O-O Nc6 8. d5 Ne7
9. b4 Nd7 10. Nd2 f5 11. c5 Nf6 12. f3 f4 13. Nc4 g5 14. Nb5 Ne8 15. a4 Ng6 16.
Ba3 Rf7 17. Rc1 Bf8 18. c6 b6 19. Nc3 a6 20. Rf2 h5 21. Kf1 Nf6 22. Ke1 g4 23.
Kd2 Nh4 24. Bd3 Ng6 25. Be2 Nh4 26. Bd3 Ng6 27. Be2 1/2-1/2

[Event "Druzynowe Mistrzostwa Polski - II Liga 2023"]
[Site "Jastrzebia Gora"]
[Date "1899-12-30"]
[Round "4.56"]
[White "Ciszewski, Krzysztof"]
[Black "Kaminski, Piotr"]
[Result "1-0"]
[WhiteTitle "k"]
[BlackTitle "k"]
[WhiteElo "2055"]
[BlackElo "2024"]

1. d4 d5 2. c4 c6 3. Nc3 Nf6 4. Nf3 e6 5. Bg5 Nbd7 6. e3 Qa5 7. Nd2 Bb4 8. Qc2
dxc4 9. Bxf6 Nxf6 10. Nxc4 Qc7 11. Be2 c5 12. O-O Bd7 13. Qb3 Bxc3 14. bxc3 O-O
15. Ne5 Rad8 16. Bf3 Bc8 17. a4 Nd5 18. a5 f6 19. Nc4 Kh8 20. Rfd1 Ne7 21. Rab1
Ng6 22. g3 Rfe8 23. Bg2 Ne7 24. Rdc1 Nd5 25. Qb5 cxd4 26. cxd4 Qe7 27. e4 Nc7
28. Qb2 a6 29. e5 Nb5 30. Rd1 fxe5 31. dxe5 Qc5 32. Nd6 Nxd6 33. exd6 Rxd6 34.
Rxd6 Qxd6 35. Bxb7 Bxb7 36. Qxb7 h6 37. Qb6 Qd3 38. Re1 e5 39. Rxe5 Rxe5 40. Qb8+
Kh7 41. Qxe5 Qb1+ 42. Kg2 Qd3 43. g4 Qc4 44. f3 Qg8 45. Kg3 Kh8 46. h4 Qc8 47.
g5 hxg5 48. hxg5 Qc1 49. Kg4 Qc4+ 50. f4 Qf1 51. Kf5 Qd3+ 52. Ke6 Qc4+ 53. Kd6
Qc8 54. g6 Qb8+ 55. Kc6 Qc8+ 56. Kb6 Qd8+ 57. Kxa6 Qd3+ 58. Kb7 Qb1+ 59. Ka7 Qxg6
60. a6 Qg1+ 61. Kb7 Qb1+ 62. Kc6 Qc2+ 63. Kb6 Qf2+ 64. Qc5 Qxf4 65. a7 Qf6+ 1-0

[Event "Druzynowe Mistrzostwa Polski - II Liga 2023"]
[Site "Jastrzebia Gora"]
[Date "1899-12-30"]
[Round "4.57"]
[White "Szmyd, Arkadiusz"]
[Black "Budzisz, Adrian"]
[Result "1/2-1/2"]
[WhiteTitle "CM"]
[BlackTitle "k"]
[WhiteElo "2053"]
[BlackElo "2084"]

1. e4 e6 2. d4 d5 3. Nc3 Bb4 4. Nge2 dxe4 5. a3 Be7 6. Nxe4 Nd7 7. N2g3 Ngf6 8.
Bd3 O-O 9. O-O c5 10. dxc5 Nxc5 11. Nxc5 Bxc5 12. Qf3 h6 13. Bd2 a6 14. Rad1 Qe7
15. Rfe1 e5 16. h3 Nh7 17. Qe4 Nf6 18. Qf3 Nh7 19. b4 Bb6 20. Qe4 Nf6 21. Qxe5
Qxe5 22. Rxe5 Be6 23. Nh5 Nxh5 24. Rxh5 Rfd8 25. Re5 Rac8 26. Be3 Bxe3 27. Rxe3
Kf8 28. Be2 Re8 29. Bf3 Re7 30. c3 Rec7 31. Rd6 Ke7 32. Rb6 Rxc3 33. Rxb7+ Kf8
34. Rxc3 Rxc3 35. a4 Bxh3 36. Rb8+ Ke7 37. Bb7 Bd7 38. Bxa6 Bxa4 39. b5 Rc1+ 40.
Kh2 Rb1 41. b6 Bc6 42. b7 Kf6 43. f3 h5 44. Kg3 g5 45. Kf2 Rb2+ 46. Ke3 Rb6 47.
Rh8 Rb3+ 48. Kf2 Bxb7 1/2-1/2

[Event "Druzynowe Mistrzostwa Polski - II Liga 2023"]
[Site "Jastrzebia Gora"]
[Date "1899-12-30"]
[Round "4.58"]
[White "Szczesniak, Konrad"]
[Black "Boruta, Dawid"]
[Result "1/2-1/2"]
[WhiteTitle "k"]
[BlackTitle "I++"]
[WhiteElo "2011"]
[BlackElo "1990"]

1. d4 Nf6 2. Nf3 c5 3. e3 d5 4. b3 e6 5. Bb2 Nc6 6. Nbd2 Bd7 7. a3 Rc8 8. Bd3 cxd4
9. exd4 Be7 10. O-O O-O 11. Ne5 Nxe5 12. dxe5 Ne8 13. Qh5 g6 14. Qg4 Ng7 15. Nf3
a6 16. Rad1 b5 17. Nd4 f5 18. Qe2 Qb6 19. b4 Ne8 20. Nb3 Nc7 21. Bd4 Qb8 22. f4
Na8 23. Nc5 Bxc5 24. Bxc5 Rf7 25. Qe3 Rc6 26. h3 Nb6 27. g4 Nc4 28. Qc1 Qd8 29.
g5 Be8 30. Rf3 Qa8 31. Rg3 a5 32. Be2 axb4 33. axb4 Ra6 34. Rb3 Ra2 35. Bd4 Rc7
36. Qb1 Rc6 37. Bd3 Rca6 38. Qc1 R6a4 39. Rb1 Na3 40. Rb3 Nc4 41. Rb1 Qc6 42.
Rb3 Qc7 43. Rb1 Qe7 44. Bc5 Qb7 45. Bd4 Bc6 46. Rb3 Qa6 47. Rb1 Bb7 48. Rb3 Qc6
49. Rb1 Ra8 50. Rf1 R8a3 51. Rb3 Ra4 52. Rb1 R4a3 53. Rb3 Ra4 1/2-1/2

[Event "Druzynowe Mistrzostwa Polski - II Liga 2023"]
[Site "Jastrzebia Gora"]
[Date "1899-12-30"]
[Round "4.59"]
[White "Ociepka, Tomasz"]
[Black "Zgadzaj, Rafal"]
[Result "0-1"]
[WhiteTitle "I+"]
[BlackTitle "CM"]
[WhiteElo "1835"]
[BlackElo "1913"]

1. e4 d6 2. d4 Nf6 3. Nc3 g6 4. g3 Bg7 5. Bg2 O-O 6. Nge2 e5 7. O-O Nc6 8. dxe5
dxe5 9. Nd5 Nxd5 10. exd5 Nd4 11. Nxd4 exd4 12. Re1 Bf5 13. g4 Bd7 14. Bf4 c5
15. Bd6 Bxg4 16. Qxg4 Qxd6 17. Re2 Rae8 18. Rae1 Rxe2 19. Qxe2 Bf6 20. Qe4 Rd8
21. Qe2 Kg7 22. Qd2 Rd7 23. Re2 h5 24. Qd3 Be5 25. h3 Bh2+ 26. Kf1 Be5 27. Bf3
Bf6 28. Kg2 Qf4 29. Qd2 Qxd2 30. Rxd2 c4 31. Kf1 b5 32. Ke1 Be5 33. Kf1 Kf6 34.
Rd1 Ke7 35. Bg2 Kd6 36. Bf3 Kc5 37. a3 a5 38. Re1 Re7 39. Bg2 Kd6 40. Rd1 f5 41.
Bf3 Rh7 42. Ke2 g5 43. Rh1 Rh8 44. Kd1 Bf6 45. Re1 Be5 46. Rh1 g4 47. hxg4 hxg4
48. Rxh8 Bxh8 49. Bg2 Ke5 50. d6 Kxd6 51. Bb7 f4 52. Ke2 d3+ 53. cxd3 cxd3+ 54.
Kxd3 Bxb2 55. Ba6 g3 56. fxg3 fxg3 57. Ke3 Kc5 58. Kf3 Bxa3 59. Kxg3 a4 60. Kf3
Bb2 61. Bc8 b4 62. Ke3 Kc4 63. Kd2 Kb3 64. Be6+ Ka3 65. Kc2 b3+ 66. Kb1 Bf6 67.
Bf7 Kb4 68. Bg8 a3 69. Bf7 a2+ 0-1

[Event "Druzynowe Mistrzostwa Polski - II Liga 2023"]
[Site "Jastrzebia Gora"]
[Date "1899-12-30"]
[Round "4.60"]
[White "Pietrzak, Emilia"]
[Black "Tarnowska, Aleksandra"]
[Result "1-0"]
[WhiteTitle "I++"]
[BlackTitle "WCM"]
[WhiteElo "1671"]
[BlackElo "1860"]

1. e4 c5 2. Nf3 d6 3. d4 cxd4 4. Nxd4 Nf6 5. Nc3 g6 6. Be3 Bg7 7. f3 Bd7 8. Qd2
Nc6 9. O-O-O h5 10. Be2 a6 11. Nd5 Nxd5 12. exd5 Ne5 13. Kb1 Qc7 14. b3 Rc8 15.
h3 g5 16. Bxg5 Ng6 17. Be3 O-O 18. f4 Qc3 19. Bxh5 Bxd4 20. Bxd4 Qxd2 21. Rxd2
Nxf4 22. Bf3 b5 23. g4 Ng6 24. Re2 a5 25. h4 e5 26. dxe6 fxe6 27. Rf2 e5 28. Be3
Rc3 29. Bd5+ Kg7 30. Rxf8 Nxf8 31. Bd2 Rg3 32. g5 b4 33. h5 Nh7 34. Rf1 Be8 35.
h6+ Kh8 36. Be4 Bh5 37. Kb2 Kg8 38. Bd5+ Kh8 39. Be4 Kg8 40. Rf2 Rg1 41. Bd5+
Kh8 42. Rg2 Rxg2 43. Bxg2 Bg6 44. Bd5 Nf8 45. c3 bxc3+ 46. Kxc3 Nd7 47. Be3 Bf5
48. Kc4 a4 49. b4 Bb1 50. Kb5 e4 51. g6 Bd3+ 52. Ka5 Nf6 53. Bd4 1-0

[Event "Druzynowe Mistrzostwa Polski - II Liga 2023"]
[Site "Jastrzebia Gora"]
[Date "1899-12-30"]
[Round "4.61"]
[White "Romanishin, Oleg M"]
[Black "Baum, Jonasz"]
[Result "1/2-1/2"]
[WhiteTitle "GM"]
[BlackTitle "IM"]
[WhiteElo "2385"]
[BlackElo "2436"]

1. Nf3 d5 2. g3 Nf6 3. Bg2 c5 4. O-O e6 5. d4 cxd4 6. Nxd4 e5 7. Nb3 Be6 8. c4
Nc6 9. cxd5 Nxd5 10. N1d2 Be7 11. Ne4 b6 12. Nc3 Ndb4 13. a3 Qxd1 14. Rxd1 Bxb3
15. axb4 Rc8 16. Bh3 Bxd1 17. Bxc8 Bb3 18. Bb7 Kd7 19. b5 Na5 20. Bd5 Bxd5 21.
Nxd5 Bd6 22. e4 Bb8 23. Bd2 Nc4 24. Bc3 Ke6 25. f4 f6 26. f5+ Kf7 27. Bb4 Nxb2
28. Ne7 Nd3 29. Ba3 Nc5 30. Bxc5 bxc5 31. Nc6 c4 32. Kf1 g6 33. Ke2 gxf5 34. exf5
Kg7 35. Ra4 Kh6 36. Rxc4 Kg5 37. Ne7 Re8 38. h4+ Kh5 39. Nd5 Rf8 40. Kf3 Rf7 41.
Ke4 Kg4 42. Rc3 Kh3 43. h5 Kg4 44. Rc8 Bd6 45. Rc6 Bb8 46. Rxf6 Rb7 47. Rf8 Kxg3
48. f6 Bd6 49. Rg8+ Kh4 50. Rg7 Rxb5 51. Rxh7 Kg5 52. h6 Bf8 53. Rh8 Bxh6 54.
Rg8+ Kh5 55. f7 Rb7 56. Nf6+ Kh4 57. f8=Q Bxf8 58. Rxf8 Kg3 59. Nd5 Rb3 60. Kxe5
a5 61. Ke4 a4 1/2-1/2

[Event "Druzynowe Mistrzostwa Polski - II Liga 2023"]
[Site "Jastrzebia Gora"]
[Date "1899-12-30"]
[Round "4.62"]
[White "Sidorczuk, Pawel"]
[Black "Steczek, Marcin"]
[Result "1/2-1/2"]
[WhiteTitle "I+"]
[BlackTitle "FM"]
[WhiteElo "2123"]
[BlackElo "2350"]

1. e4 c6 2. d4 d5 3. exd5 cxd5 4. Bd3 Nc6 5. c3 Nf6 6. Bf4 g6 7. Qc2 Bg7 8. Nd2
O-O 9. Ngf3 Bg4 10. h3 Bxf3 11. Nxf3 Rc8 12. Qe2 Re8 13. O-O Nd7 14. Rfe1 e5 15.
dxe5 Ndxe5 16. Nxe5 Bxe5 17. Bxe5 Rxe5 18. Qg4 Rc7 19. f4 Rxe1+ 20. Rxe1 Re7 21.
Rxe7 Qxe7 22. Qe2 Qd6 23. f5 Kg7 24. fxg6 hxg6 25. Bb5 Qc5+ 26. Kh1 Kf6 27. Qf3+
Ke7 28. Bxc6 bxc6 29. Qf4 a5 1/2-1/2

[Event "Druzynowe Mistrzostwa Polski - II Liga 2023"]
[Site "Jastrzebia Gora"]
[Date "1899-12-30"]
[Round "4.63"]
[White "Bednarek, Sylwester"]
[Black "Dalkowski, Rafal"]
[Result "1-0"]
[WhiteTitle "FM"]
[BlackTitle "k"]
[WhiteElo "2268"]
[BlackElo "2079"]

1. d4 Nf6 2. Bg5 d5 3. Nd2 c6 4. e3 e6 5. Bd3 h6 6. Bxf6 Qxf6 7. f4 g5 8. Nh3 Rg8
9. Qh5 g4 10. Nf2 Qg7 11. Be2 g3 12. Ng4 gxh2 13. O-O-O Nd7 14. Qh4 h5 15. Nxh2
Nf6 16. Bxh5 Nxh5 17. Qxh5 Qxg2 18. Nhf3 Qg6 19. Qe5 f6 20. Qc7 Qf7 21. Qa5 b6
22. Qa4 Bb7 23. c4 dxc4 24. Qxc4 O-O-O 25. f5 Re8 26. e4 Rg7 27. fxe6 Qxe6 28.
d5 Qd6 29. Nd4 Qc5 30. Ne6 Qxc4+ 31. Nxc4 Rg8 32. Nxf8 Rexf8 33. Nd6+ Kc7 34.
Nxb7 Kxb7 35. Rh7+ Kb8 36. dxc6 Rc8 37. Rd6 Rge8 38. b4 a6 39. Rb7+ Ka8 40. Rxb6
Ka7 41. Rb7+ Ka8 42. Rb6 Ka7 43. c7 Rxc7+ 44. Kb2 Rxe4 45. Rxa6+ Kb7 46. Rab6+
Ka7 47. Rxf6 Rg7 48. Kb3 Rg2 49. Rbe6 Rg3+ 50. Ka4 Rxe6 51. Rxe6 Kb7 52. b5 Rf3
53. Kb4 Rd3 54. Rc6 Rf3 55. a4 Re3 56. a5 Re4+ 57. Rc4 Re6 58. Rh4 Re7 59. a6+
Ka7 60. Rd4 Rg7 61. Kc5 Rc7+ 62. Kb4 Rg7 63. Rd6 Rf7 64. Kc5 Rc7+ 65. Rc6 Rd7
66. Rc8 Rg7 67. b6+ 1-0

[Event "Druzynowe Mistrzostwa Polski - II Liga 2023"]
[Site "Jastrzebia Gora"]
[Date "1899-12-30"]
[Round "4.64"]
[White "Haliniak, Wojciech"]
[Black "Smagalski, Slawomir"]
[Result "1-0"]
[WhiteTitle "I"]
[BlackTitle "I++"]
[WhiteElo "1870"]
[BlackElo "1942"]

1. e4 e5 2. Nc3 Nf6 3. f4 d5 4. fxe5 Nxe4 5. Qf3 Nc6 6. Bb5 Nxc3 7. bxc3 Be7 8.
d4 O-O 9. Bd3 h6 10. Qh5 Bg5 11. Nf3 Bxc1 12. Rxc1 a5 13. g4 Ne7 14. Rg1 Ng6 15.
g5 Nf4 16. Qh4 Nxd3+ 17. cxd3 Ra6 18. Kd2 Kh8 19. Rce1 Rg6 20. Qf4 Qe7 21. e6
fxe6 22. Ne5 Rxg5 23. Rxg5 Qxg5 24. Ng6+ Kg8 25. Qxg5 hxg5 26. Nxf8 Kxf8 27. Rg1
Bd7 28. Rxg5 Be8 29. Ke3 g6 30. c4 Bf7 31. c5 b5 32. cxb6 cxb6 33. Rg1 b5 34.
Rc1 Ke7 35. Rc7+ Kf6 36. Ra7 a4 37. h4 Be8 38. a3 Kf5 39. Re7 Bc6 40. Kf3 Kf6
41. Rc7 Be8 42. Kf4 b4 43. axb4 Bb5 44. Ra7 Bxd3 45. Rxa4 Ke7 46. Ke5 Kd7 47.
Ra7+ Kc6 48. Kxe6 Be4 49. Ra5 Bf3 50. Rc5+ Kb6 51. Rxd5 1-0

[Event "Druzynowe Mistrzostwa Polski - II Liga 2023"]
[Site "Jastrzebia Gora"]
[Date "1899-12-30"]
[Round "4.65"]
[White "Swiatnicki, Andrzej"]
[Black "Suska, Szymon"]
[Result "0-1"]
[WhiteTitle "k"]
[BlackTitle "I+"]
[WhiteElo "2016"]
[BlackElo "2058"]

1. d4 d6 2. Nc3 g6 3. Bg5 Bg7 4. Qd2 Nc6 5. d5 Ne5 6. e4 h6 7. Be3 c5 8. h3 a6
9. f4 Nd7 10. a4 Qb6 11. Rb1 Qb4 12. Nge2 Nb6 13. b3 Nf6 14. a5 Qxa5 15. g4 Nbd7
16. Bg2 Qc7 17. O-O Rb8 18. Rbe1 b5 19. e5 dxe5 20. fxe5 Nxe5 21. Bf4 g5 22. Bh2
b4 23. Qe3 Nexg4 24. hxg4 Qxh2+ 25. Kxh2 Nxg4+ 26. Kg1 Nxe3 27. Ne4 Nxf1 28. Kxf1
Bg4 29. Nxc5 Rc8 30. Nxa6 Rxc2 31. Nxb4 Rxe2 32. Rxe2 Bxe2+ 33. Kxe2 Kd7 0-1

[Event "Druzynowe Mistrzostwa Polski - II Liga 2023"]
[Site "Jastrzebia Gora"]
[Date "1899-12-30"]
[Round "4.66"]
[White "Matskevich, Varvara"]
[Black "Bukowska, Katarzyna"]
[Result "1-0"]
[WhiteTitle "I++"]
[BlackTitle "k++"]
[WhiteElo "1690"]
[BlackElo "1732"]

1. f4 d5 2. Nf3 g6 3. g3 c6 4. Bg2 Qb6 5. d3 Bg7 6. Nc3 Nh6 7. Na4 Qa5+ 8. c3 Nd7
9. b4 Qc7 10. Bd2 Nf6 11. O-O Nf5 12. Qe1 Nd6 13. Ne5 O-O 14. e4 a5 15. Nc5 b6
16. Nb3 axb4 17. cxb4 Ba6 18. Rc1 dxe4 19. Rxc6 Qb7 20. Be3 Bxd3 21. Rxd6 exd6
22. Nxd3 Rxa2 23. Ndc1 Ra4 24. Bd4 d5 25. f5 Qc6 26. Qd2 Raa8 27. Qb2 Rac8 28.
Be5 Ne8 29. Bxg7 Nxg7 30. f6 Ne6 31. Qd2 Qd6 32. Bxe4 Rfd8 33. Bg2 d4 34. Bh3
Rc7 35. Rf3 Rc3 36. Rf1 Re3 37. Nd3 Ng5 38. Bg2 Ne4 39. Bxe4 Rxe4 40. Qh6 Qf8
41. Qg5 Re2 42. Nbc1 Rc2 43. Nf4 Qxb4 44. Ne6 Rxc1 45. Rxc1 fxe6 46. f7+ Kxf7
47. Qxd8 1-0

[Event "Druzynowe Mistrzostwa Polski - II Liga 2023"]
[Site "Jastrzebia Gora"]
[Date "1899-12-30"]
[Round "4.67"]
[White "Bebel, Arkadiusz"]
[Black "Suder, Jakub"]
[Result "1/2-1/2"]
[WhiteTitle "FM"]
[BlackTitle "FM"]
[WhiteElo "2250"]
[BlackElo "2304"]

1. Nf3 d5 2. g3 Nf6 3. Bg2 e6 4. O-O Be7 5. d3 c5 6. Nbd2 Nc6 7. e4 b6 8. Re1 Bb7
9. Qe2 h6 10. h4 Qc7 11. c3 dxe4 12. dxe4 Rd8 13. e5 Nd5 14. a3 Qc8 15. c4 Nc7
16. Ne4 Nd4 17. Nxd4 Rxd4 18. b3 O-O 19. Bb2 Bxe4 20. Bxe4 Rd7 21. Bc2 f5 22.
exf6 Bxf6 23. Bxf6 Rxf6 24. Rad1 Ne8 25. h5 Kf8 26. Bg6 Nd6 27. g4 Nf7 28. Rxd7
Qxd7 29. Rd1 Qc7 30. Qe4 Ke7 31. Qa8 Nd8 32. Be4 Rf8 33. Bg2 Nf7 34. Qe4 Ng5 35.
Qe2 Rd8 36. Rd5 Qf4 37. Rxd8 Kxd8 38. b4 Qc1+ 39. Kh2 Qf4+ 40. Kg1 Qc1+ 41. Kh2
Qf4+ 1/2-1/2

[Event "Druzynowe Mistrzostwa Polski - II Liga 2023"]
[Site "Jastrzebia Gora"]
[Date "1899-12-30"]
[Round "4.68"]
[White "Dziewonski, Dariusz"]
[Black "Zysko, Jan"]
[Result "1-0"]
[WhiteTitle "k"]
[BlackTitle "k+"]
[WhiteElo "2204"]
[BlackElo "2167"]

1. e4 c5 2. Nf3 d6 3. d4 cxd4 4. Nxd4 Nf6 5. Nc3 Nc6 6. Bc4 Qb6 7. Ndb5 a6 8. Be3
Qa5 9. Nd4 e6 10. O-O Be7 11. Bb3 O-O 12. f4 Nxd4 13. Bxd4 e5 14. Bf2 exf4 15.
Bd4 Bg4 16. Qd2 Nh5 17. Qf2 Qd8 18. Bb6 Bh4 19. g3 fxg3 20. hxg3 Bxg3 21. Qxf7+
Rxf7 22. Bxd8 Rxd8 23. Rxf7 Kh8 24. Raf1 Nf6 25. Nd5 Bh5 26. Rxb7 Nxe4 27. Nf4
Bg4 28. Kg2 Bh4 29. Rb4 Nf6 30. Nd5 h5 31. Nxf6 Bxf6 32. Rxg4 1-0

[Event "Druzynowe Mistrzostwa Polski - II Liga 2023"]
[Site "Jastrzebia Gora"]
[Date "1899-12-30"]
[Round "4.69"]
[White "Solnicki, Michal"]
[Black "Mirski, Michal"]
[Result "1/2-1/2"]
[WhiteTitle "k"]
[BlackTitle "I++"]
[WhiteElo "2110"]
[BlackElo "1995"]

1. d4 Nf6 2. g3 g6 3. Bg2 Bg7 4. e4 d6 5. Ne2 O-O 6. O-O e5 7. h3 Nc6 8. Nbc3 Re8
9. Be3 Bd7 10. d5 Ne7 11. Qd2 Qc8 12. Kh2 Nh5 13. g4 Nf6 14. Ng3 Rf8 15. Rg1 c6
16. Bf1 cxd5 17. exd5 a6 18. Bg5 Qc7 19. Re1 Rae8 20. f3 b5 21. a3 Bc8 22. Nge4
Nxe4 23. fxe4 Kh8 24. Bd3 Ng8 25. Rg2 f6 26. Be3 Rf7 27. Reg1 Qe7 28. Ne2 Qf8
29. Ng3 Bh6 30. c4 bxc4 31. Bxc4 Bxe3 32. Qxe3 Qh6 33. Qe2 a5 34. Ba6 Qh4 35.
Bxc8 Rxc8 36. Qa6 Rd8 37. Qxa5 Rb8 38. Qa6 Nh6 39. Nh1 Rb3 40. Qc8+ Kg7 41. Rg3
Rxb2+ 42. R1g2 Rfb7 43. Rc3 Nf7 44. Rxb2 Rxb2+ 45. Rc2 Rxc2+ 46. Qxc2 Ng5 47.
Qg2 Qe1 48. Nf2 Qe2 49. h4 Nf3+ 50. Kh3 Qe3 51. a4 g5 52. h5 Nd2+ 53. Qg3 Qe2
54. Kg2 Nxe4 55. Qf3 Qxf3+ 56. Kxf3 Nc3 57. a5 Nxd5 58. Ne4 Kf7 59. Nxd6+ Ke6
60. Nb5 f5 61. gxf5+ Kxf5 62. a6 g4+ 63. Kg3 Kg5 64. a7 Nb6 65. h6 e4 66. Nd6
e3 67. Nc4 e2 68. Kf2 Na8 69. Ne3 Kxh6 70. Nxg4+ Kg5 71. Nh2 Kf4 72. Kxe2 Ke4
73. Nf3 h5 74. Kf2 1/2-1/2

[Event "Druzynowe Mistrzostwa Polski - II Liga 2023"]
[Site "Jastrzebia Gora"]
[Date "1899-12-30"]
[Round "4.70"]
[White "Pietrzak, Tomasz"]
[Black "Pettersson, Alexander"]
[Result "1-0"]
[WhiteTitle "I"]
[BlackTitle "I"]
[WhiteElo "1786"]
[BlackElo "1820"]

1. Nf3 Nf6 2. c4 e6 3. b3 d5 4. Bb2 Be7 5. e3 O-O 6. Nc3 c5 7. cxd5 exd5 8. d4
b6 9. Be2 Bb7 10. O-O Nbd7 11. dxc5 bxc5 12. Rc1 Rc8 13. Qd3 Nb6 14. Rfd1 Re8
15. Qf5 Qc7 16. Nb5 Qd7 17. Qxd7 Nfxd7 18. a4 a6 19. Nc3 Nf6 20. a5 Nbd7 21. Na4
Red8 22. Ba3 Kf8 23. Rc2 Rc7 24. Rdc1 Rdc8 25. Ne1 c4 26. Bxe7+ Kxe7 27. bxc4
dxc4 28. Rxc4 Rxc4 29. Rxc4 Rxc4 30. Bxc4 Ne5 31. Be2 Nc6 32. Nc5 Bc8 33. Nxa6
Bxa6 34. Bxa6 Nxa5 35. f3 Nc6 36. Kf2 Ne5 37. e4 Nfd7 38. Ke3 f6 39. Nc2 g6 40.
Be2 Nc6 41. Bb5 Nce5 42. Kd4 Nf8 43. Bc4 Kd6 44. Bd5 h5 45. f4 Ng4 46. h3 Nh6
47. Ne3 Ne6+ 48. Bxe6 Kxe6 49. g4 hxg4 50. hxg4 Nf7 51. f5+ gxf5 52. gxf5+ Kd6
53. Nd5 Nd8 54. Nxf6 Nc6+ 55. Ke3 Ke5 56. Ng4+ Kd6 57. Kf4 Ke7 58. e5 Nd8 59.
Ke4 Nf7 60. Kd5 Ng5 61. e6 Nh7 62. Ke5 Ng5 63. f6+ Ke8 64. Nh6 Nf3+ 65. Ke4 1-0

[Event "Druzynowe Mistrzostwa Polski - II Liga 2023"]
[Site "Jastrzebia Gora"]
[Date "1899-12-30"]
[Round "4.71"]
[White "Chrzaszcz, Malvina"]
[Black "Soliwoda, Zygmunt"]
[Result "1/2-1/2"]
[WhiteTitle "k+"]
[BlackTitle "I"]
[WhiteElo "1962"]
[BlackElo "1752"]

1. e4 c5 2. Nf3 d6 3. d4 cxd4 4. Nxd4 Nf6 5. Nc3 g6 6. f3 Bg7 7. Be3 O-O 8. Qd2
Nc6 9. Bc4 Bd7 10. Bb3 Qa5 11. O-O-O Nxd4 12. Bxd4 b5 13. Kb1 Rfc8 14. Bxf6 Bxf6
15. Nd5 Qxd2 16. Nxf6+ Kg7 17. Nh5+ gxh5 18. Rxd2 Rc5 19. f4 Be6 20. Bd5 Rac8
21. Re1 R8c7 22. Re3 Bxd5 23. exd5 Rc4 24. g3 Kf6 25. a3 Kf5 26. c3 Re4 27. Rxe4
Kxe4 28. Kc2 Kf3 29. b3 f5 30. Rd3+ Kg2 31. Rd2+ Kf3 32. Rd3+ Kg2 33. Rd2+ 1/2-1/2

[Event "Druzynowe Mistrzostwa Polski - II Liga 2023"]
[Site "Jastrzebia Gora"]
[Date "1899-12-30"]
[Round "4.72"]
[White "Uliasz, Katarzyna"]
[Black "Gluszko, Monika"]
[Result "0-1"]
[WhiteTitle "I++"]
[BlackTitle "k"]
[WhiteElo "1764"]
[BlackElo "1915"]

1. g3 d5 2. Nf3 c5 3. Bg2 Nc6 4. O-O e5 5. d3 Nf6 6. Nbd2 Be7 7. e4 O-O 8. c3 d4
9. c4 Ne8 10. Ne1 Qc7 11. f4 f5 12. exf5 Bxf5 13. g4 Bd7 14. f5 Rb8 15. Bd5+ Kh8
16. Be4 Nd6 17. Ndf3 Nxe4 18. dxe4 a6 19. g5 Bxf5 20. exf5 Rxf5 21. Nh4 Rxf1+
22. Kxf1 Qd6 23. Qg4 b5 24. cxb5 axb5 25. Kg1 c4 26. Nf5 Qe6 27. Nh6 Qxg4+ 28.
Nxg4 e4 29. Bf4 Rf8 30. Ng2 Bc5 31. Ne5 d3+ 32. Kh1 Nxe5 33. Bxe5 e3 34. Bf4 e2
35. h3 Bb4 36. a4 d2 37. Bxd2 Bxd2 38. Kg1 b4 39. a5 c3 40. bxc3 bxc3 41. Ne1
Rf1+ 42. Kg2 Bxe1 43. a6 Bf2 44. Rxf1 exf1=Q+ 45. Kxf1 c2 46. a7 Bxa7 0-1

[Event "Druzynowe Mistrzostwa Polski - II Liga 2023"]
[Site "Jastrzebia Gora"]
[Date "1899-12-30"]
[Round "4.73"]
[White "Mrozowski, Patryk"]
[Black "Niekras, Dawid"]
[Result "0-1"]
[WhiteTitle "I++"]
[BlackTitle "FM"]
[WhiteElo "2118"]
[BlackElo "2298"]

1. e4 c5 2. Nf3 e6 3. c3 d5 4. e5 d4 5. cxd4 cxd4 6. Qa4+ Nc6 7. Bb5 Bd7 8. O-O
Nge7 9. d3 a6 10. Bxc6 Bxc6 11. Qd1 Nf5 12. Nbd2 Be7 13. Re1 O-O 14. Ne4 Rc8 15.
Bf4 f6 16. Qd2 Qd5 17. exf6 gxf6 18. Qe2 e5 19. Bd2 Kh8 20. Rec1 Rg8 21. Kf1 Bb5
22. a4 Rxc1+ 23. Bxc1 Bc6 24. Nfd2 Nh4 25. g3 Qe6 26. gxh4 Qh3+ 27. Ke1 Rg1+ 28.
Nf1 Bxe4 29. dxe4 d3 30. Qh5 Bb4+ 0-1

[Event "Druzynowe Mistrzostwa Polski - II Liga 2023"]
[Site "Jastrzebia Gora"]
[Date "1899-12-30"]
[Round "4.74"]
[White "Zakrzewski, Marek"]
[Black "Papka, Sebastian"]
[Result "1-0"]
[WhiteTitle "FM"]
[BlackTitle "k"]
[WhiteElo "2306"]
[BlackElo "2107"]

1. e4 c6 2. Nc3 d5 3. Nf3 Bg4 4. h3 Bxf3 5. Qxf3 e6 6. g3 Nf6 7. Bg2 dxe4 8. Nxe4
Nxe4 9. Qxe4 Nd7 10. d4 Qa5+ 11. c3 Qd5 12. O-O Qxe4 13. Bxe4 Bd6 14. Re1 O-O
15. f4 g6 16. Bd2 h5 17. Kg2 Rfd8 18. Rad1 Nf6 19. Bc2 c5 20. dxc5 Bxc5 21. Bc1
a5 22. Kf3 b6 23. a3 Rac8 24. Rxd8+ Rxd8 25. Rd1 Rxd1 26. Bxd1 Bd6 27. Be3 Bc7
28. c4 Kf8 29. b4 axb4 30. axb4 Ke7 31. Bc2 Nd7 32. Ke4 Bd6 33. Bd2 Kd8 34. Ba4
Kc7 35. Bc3 Kd8 36. Ke3 Kc7 37. g4 hxg4 38. hxg4 Kd8 39. g5 Kc7 40. Bd2 Kd8 41.
Kd3 Kc7 42. Bb5 Kd8 43. Bc6 Kc7 44. Be4 Kd8 45. Kc3 Kc7 46. Kb3 Nb8 47. Ka4 Nc6
48. Kb5 Nd4+ 49. Ka6 Nb3 50. Be1 Bxf4 51. Bf2 Bxg5 52. Bxb6+ Kd7 53. c5 f5 54.
Bb7 Bf4 55. c6+ Ke7 56. c7 Bxc7 57. Bxc7 g5 58. Kb5 Kd7 59. Be5 Nd2 60. Bc6+ Kc8
61. Kc5 f4 62. b5 f3 63. b6 1-0

[Event "Druzynowe Mistrzostwa Polski - II Liga 2023"]
[Site "Jastrzebia Gora"]
[Date "1899-12-30"]
[Round "4.75"]
[White "Drozdowski, Konrad"]
[Black "Selbes, Tamer Tarik"]
[Result "0-1"]
[WhiteTitle "k"]
[BlackTitle "FM"]
[WhiteElo "2104"]
[BlackElo "2225"]

1. Nf3 Nf6 2. g3 g6 3. b3 Bg7 4. Bb2 O-O 5. Bg2 d6 6. d4 a5 7. c4 a4 8. Nbd2 Nfd7
9. Qc1 e5 10. dxe5 dxe5 11. O-O f5 12. Rd1 Nc6 13. Nb1 h6 14. Nh4 Kh7 15. e4 f4
16. Bh3 Nd4 17. Bxd4 exd4 18. Nd2 Ne5 19. Bxc8 Qxc8 20. Nf1 Qh3 21. Rd2 g5 22.
Ng2 Nf3+ 23. Kh1 Nxd2 24. Nxd2 fxg3 25. fxg3 Rf2 0-1

[Event "Druzynowe Mistrzostwa Polski - II Liga 2023"]
[Site "Jastrzebia Gora"]
[Date "1899-12-30"]
[Round "4.76"]
[White "Bajerlein, Dawid"]
[Black "Zielinski, Olgierd"]
[Result "0-1"]
[WhiteTitle "k+"]
[BlackTitle "I+"]
[WhiteElo "2064"]
[BlackElo "1822"]

1. d4 Nf6 2. c4 g6 3. g3 Bg7 4. Bg2 O-O 5. Nc3 d6 6. Nf3 c6 7. O-O Qa5 8. Re1 Qa6
9. b3 b5 10. cxb5 cxb5 11. e4 b4 12. Nb1 Bb7 13. Nbd2 d5 14. e5 Nfd7 15. Nf1 Qb6
16. Bb2 Na6 17. Ne3 Nc7 18. Nh4 f5 19. f4 e6 20. Qd2 Rfc8 21. h3 Bh6 22. Rf1 a5
23. g4 Nb5 24. gxf5 gxf5 25. Rf3 Nc3 26. Rg3+ Kh8 27. Nd1 Bxf4 28. Re3 Nxd1 29.
Rxd1 Nxe5 30. Qf2 Bxe3 31. Qxe3 Nf7 32. Bf3 Rg8+ 33. Kh1 Rg3 34. Qf4 Rag8 35.
Bg2 Qd6 36. Qf2 Qe7 37. Nf3 Rxg2 38. Qxg2 Rxg2 39. Kxg2 Ng5 40. Ne5 Qg7 41. Kh2
Qh6 42. Rd3 Qh4 43. Rg3 Qf4 44. Ba1 Qf2+ 45. Rg2 Nf3+ 0-1